|
|
|
|
| LEADER |
00000cam a2200000 7i4500 |
| 001 |
0000008933 |
| 005 |
20220705.0 |
| 020 |
|
|
|a 0801814960
|
| 040 |
|
|
|a INS
|
| 090 |
0 |
0 |
|a HT123
|b C63 1973
|
| 100 |
1 |
|
|a Clawson, Mariah
|
| 245 |
1 |
0 |
|a Planning and urban growth
|c Mariah Clawson and Peter Hall
|
| 260 |
|
|
|a London :
|b The John Hopkins ,
|c 1973
|
| 300 |
|
|
|a 300p. ;
|c 34cm.
|
| 650 |
|
0 |
|a City Planning
|z United States
|
| 650 |
|
0 |
|a Urbanization
|z Great Britain
|
| 650 |
0 |
0 |
|a City Planning
|z Great Britain
|
| 650 |
0 |
0 |
|a Urbanization
|z United States
|
| 700 |
1 |
|
|a Hall, Peter
|
| 999 |
|
|
|a 0000022077
|b BOOK
|c Open Shelf
|e Default branch
|